01373nam a2200445 i 450000100060000000300090000600500170001500800390003201500180007102000150008904000280010404100080013204500090014008000110014908000140016008000120017410000400018624500710022625000280029726000430032530000280036833600270039633700540042333800280047738000160050538000270052138500390054838800100058750400380059765000270063565800280066265800250069065000150071565000120073065000250074265500170076765000110078471000340079585600980082940679KOSZ 00520200724105559.0011102s2001 pl a f f |001 0 pol aPB 2001/17978 a8301135379 aWA NcWA NdKOSZ 005/HR0 apol a2001 a504.05 a628.517.2 a534(07)1 aEngel, Zbigniewd(1933-2013)eAutor10aOchrona środowiska przed drganiami i hałasem /cZbigniew Engel. aWyd. 2 popr. i uaktual. aWarszawa :bWydaw. Naukowe PWN,c2001. a500 s. :bil. ;c24 cm. 2rdacontentaTekstbtxt 2rdamediaaBez urządzenia pośredniczącegobn 2rdacarrieraWoluminbnc aKsiążki aPublikacje dydaktyczne mPoziom nauczaniaaSzkoły wyższe a2001- aBibliogr., akty prawne. - Indeks. 4aWpływ na środowisko aInżynieria i technika aOchrona środowiska 4aZwalczanie 4aDrgania 4aOchrona środowiska 4aPodręcznik 4aHałas2 aWydawnictwo Naukowe PWN4pbl. uhttp://koha.tu.koszalin.pl/cgi-bin/koha/opac-detail.pl?biblionumber=40679yKatalog online BPK